| 000 | 01173nam a2200289 i 4500 | ||
|---|---|---|---|
| 001 | 114687 | ||
| 003 | ES-MaACL | ||
| 005 | 20230906190229.0 | ||
| 007 | t| | ||
| 008 | 900607s1988 sp ||||0| spa d ..| | ||
| 015 | _a1990-ABR-8372 | ||
| 020 | _a84-451-0020-3 | ||
| 080 | _a929 Pérez Galdós, Benito (064.3) | ||
| 080 | _a946.41 M."18/19"(064.3) | ||
| 245 | 0 | 0 |
_aMadrid en Galdós, Galdós en Madrid : _b[exposición] mayo 1988, Madrid, Palacio de Cristal del Retiro / _cComunidad de Madrid, Consejería de Cultura, Dirección General de Patrimonio Cultural. |
| 250 | _a1ª ed. | ||
| 260 |
_aMadrid : _bComunidad de Madrid, Dirección General de Patrimonio Cultural, _c1988. |
||
| 300 |
_a374 p : _bil ; _c26 cm. |
||
| 600 | 1 | 4 |
_aPérez Galdós, Benito, _d1843-1920- _vExposiciones _990877 |
| 651 | 4 |
_aMadrid- _xHistoria- _yS.XIX- _vExposiciones. _9174055 |
|
| 651 | 4 |
_aMadrid- _xHistoria- _yS.XX- _vExposiciones. _9174056 |
|
| 655 | 7 |
_2tgfbne _9193628 _aCatálogos de exposiciones |
|
| 710 | 1 |
_aMadrid (Comunidad Autónoma). _bDirección General de Patrimonio Cultural. _95616 |
|
| 852 | 4 |
_aES-MaACL _jL-12282 |
|
| 942 | _2udc | ||
| 999 |
_c114687 _d114687 |
||